00522nam a2200169Ia 4500008004100000082001500041100004000056245004300096250000800139260002500147300001200172500002400184650001600208942000700224952010400231999001700335230524s9999 xx 000 0 und d a384.5bMAR aJon W.Mark and Weihua Zhuang917485 0aWireless Communications and Networking a1ST aNEW DELHIbPHIc2005 aXII;356 aQuantity Number: 1 aElectronics cBK 00104070aTATCLbTATCLcGENd2023-05-24l0o384.5 MARp1836r2023-05-24w2023-05-24yBKzPEEC5409 c26411d26411